000 00253nam a2200109Ia 4500
008 190802s9999 xx 000 0 und d
100 _aJawaid Ahmed Ghamadi
245 0 _aBurhan
260 _aLahore
_bDar-ul-Ashraaq
_c2002
300 _a284:p
942 _cBK
999 _c2476
_d2476